Statistics for Top 15 Celebrities Born In 1935&1934

Click here to take the quiz!

General Stats

  • This quiz has been taken 109 times
  • The average score is 7 of 15

Answer Stats

Answer% Correct
Elvis Presley
96%
Judi Dench
80%
Woody Allen
70%
Donald Sutherland
64%
Maggie Smith
62%
Sophia Loren
55%
Julie Andrews
53%
Sonny Bono
39%
Shirley MacLaine
38%
Jane Goodall
36%
Carl Sagan
33%
Shirley Jones
25%
Frankie Valli
12%
Don Cherry
9%
Rue McClanahan
8%

Score Distribution

Percentile by Number Answered

Percent of People with Each Score

Your Score History

You have not taken this quiz